| 000 | 01257nam a22002057a 4500 | ||
|---|---|---|---|
| 999 |
_c64035 _d64035 |
||
| 003 | Ge_BSU | ||
| 005 | 20260313160149.0 | ||
| 008 | 260313s1961 ge ||||| |||| 00| 0 geo d | ||
| 041 | _ageo | ||
| 080 | _a911.3:33(47+57) ს-13 | ||
| 245 |
_aსსრ კავშირის ეკონომიური გეოგრაფია : _bსსრკ სახალხო მეურნეობის დარგების ზოგადი დახასიათება / _cგ.ნ. ჩერდანცევის, ნ.ბ. ნიკიტინის, ბ.ა. ტუტიხინის რედ. |
||
| 264 |
_aთბ. : _bთბილ. უნ-ტის გამ-ბა, _c1961. |
||
| 300 |
_a391გვ. : _bილ.; _c24სმ. |
||
| 653 | _aსსრ კავშირის ეკონომიური გეოგრაფია | ||
| 653 | _aსსრ კავშირის სახალხო მეურნეობა | ||
| 700 |
_aჩერდანცევი, გ.ნ. _eრედაქტორი _927132 |
||
| 700 |
_a ნიკიტინი, ნ.ბ. _eრედაქტორი _927133 |
||
| 700 |
_aტუტიხინი, ბ.ა. _eრედაქტორი _927134 |
||
| 942 |
_2udc _cᲬᲘᲒᲜᲘ |
||